000 00553 a2200205 4500
001 63340
005 20260407155930.0
008 260407a1958 arg spa d
003 AR-UNSa-BCEJYS
040 _aAR-UNSa-BCEJYS
_bspa
_cAR-UNSa-BCEJYS
080 _a517
_xAnálisis Matemático
245 1 0 _aCurso preliminar de análisis matemático
264 1 _aMadrid :
_bDossat
_c1958
300 _a626 p.
_c22 cm.
041 _aspa
942 _cBK
590 _aniveau_biblio:m niveau_hierar:0
100 1 _aNavarro Borras, F.
700 1 _aRios, Sixto
999 _c8127
_d8127